LEADER 01099nam0-2200337 --450 001 9910566301203321 005 20220516094834.0 010 $a88-7192-150-X 010 $a978-88-7192-150- 1$bpaperback 100 $a20220516d2002----km y0itay50 ba 101 $aita 102 $aIT 105 $aa 001yy 200 1 $aDesign patterns$eelementi per il riuso di software a oggetti$fErich Gamma ... [et al.] 210 $aMilano$cAddison-Wesley$cPearson education Italia$d2002 215 $aXVII, 395 p.$d24 cm 225 1 $aProfessionale$v150 610 0 $aMicroelaboratori elettronici$aProgrammazione 676 $a005.12$v22$zita 702 1$aGamma,$bErich 801 0$aIT$bUNINA$gREICAT$2UNIMARC 901 $aBK 912 $a9910566301203321 952 $a005.12-GAM-1$bINV. INT. 2021/187$fSC1 952 $a005.12-GAM-1A$bINV. INT 2021/188$fSC1 952 $a005.12-GAM-1B$bINV. INT. 2021/189$fSC1 952 $a005.12-GAM-1C$bINV. INT. 2021/190$fSC1 952 $a005.12-GAM-1D$bINV. INT. 2021/191$fSC1 959 $aSC1 996 $aDesign patterns$956534 997 $aUNINA LEADER 01759nas 2200649-a 450 001 996202592203316 005 20240621124529.0 011 $a1759-8753 035 $a(OCoLC)593527922 035 $a(CKB)2610000000000003 035 $a(CONSER)--2010243274 035 $a(DE-599)ZDB2536054-1 035 $a(MiFhGG)3LAR 035 $a(MiAaPQ)2040309 035 $a(EXLCZ)992610000000000003 100 $a20091120a20109999 s-- a 101 0 $aeng 135 $aur||||||||||| 181 $ctxt$2rdacontent 182 $cc$2rdamedia 183 $acr$2rdacarrier 200 00$aMobile DNA 210 $aLondon $cBioMed Central$d2010- 300 $aRefereed/Peer-reviewed 531 $aMob DNA 531 $aMOB. DNA 531 $aMOBILE DNA-UK 531 10$aMob DNA 606 $aMobile genetic elements$vPeriodicals 606 $aGenomics$vPeriodicals 606 $aGenomics 606 $aSequence Analysis, DNA 606 $aDNA$2ebps 606 $aGenomics$2fast$3(OCoLC)fst00940228 606 $aMobile genetic elements$2fast$3(OCoLC)fst01024228 606 $aElements genètics mòbils$2thub 606 $aADN$2thub 608 $aPeriodical. 608 $aFulltext. 608 $aInternet Resources. 608 $aPeriodicals. 608 $aPeriodicals.$2fast 608 $aRevistes electròniques.$2thub 610 $aGenetics 615 0$aMobile genetic elements 615 0$aGenomics 615 12$aGenomics. 615 22$aSequence Analysis, DNA. 615 7$aDNA. 615 7$aGenomics. 615 7$aMobile genetic elements. 615 7$aElements genètics mòbils. 615 7$aADN. 906 $aJOURNAL 912 $a996202592203316 996 $aMobile DNA$9898608 997 $aUNISA